[Event "Tournoi Ouvert de Gatineau (B)"]
[Site "Gatineau"]
[Date "2015.03.??"]
[Round "3"]
[White "Martin, Spencer "]
[Black "Senechal, Sylvain "]
[Result "1-0"]
[BlackElo "1837"]
[WhiteElo "1756"]

1.e4 e5 2.Nc3 Nf6 3.Bc4 Nc6 4.d3 Na5 5.Nge2 Nxc4 6.dxc4 c6 7.Bg5 h6 8.Bh4 Be7
9.O-O d6 10.b3 Bg4 11.f3 Be6 12.f4 exf4 13.Nxf4 Bg4 14.Nfe2 b5 15.cxb5 cxb5
16.Qd3 O-O 17.Nxb5 Bxe2 18.Qxe2 Re8 19.Bxf6 Bxf6 20.Rad1 Qb6+ 21.Kh1 Be5
22.Na3 Re6 23.Nc4 Qa6 24.Rd5 Qxa2 25.Ra5 1-0

[Event "Tournoi Ouvert de Gatineau (B)"]
[Site "Gatineau"]
[Date "2015.03.??"]
[Round "3"]
[White "Zumsteg, Nicolas "]
[Black "Morel, Joseph "]
[Result "1-0"]
[BlackElo "1780"]
[WhiteElo "1726"]

1.e4 c5 2.Nf3 d6 3.d4 cxd4 4.Nxd4 Nf6 5.Nc3 a6 6.Bg5 e6 7.f4 Be7 8.Qf3 Qc7
9.O-O-O Nbd7 10.Bd3 Rb8 11.Qg3 b5 12.e5 b4 13.Nce2 dxe5 14.fxe5 Nh5 15.Qg4
Bxg5+ 16.Qxg5 Qxe5 17.Nf5 O-O 18.Qxh5 exf5 19.Qxf5 g6 20.Qf4 Bb7 21.Rhe1 Qa5
22.Bc4 Nb6 23.Bxf7+ Kg7 24.Rf1 Rxf7 25.Qxf7+ Kh8 26.Qf6+ Kg8 27.Rd8+ 1-0

[Event "Tournoi Ouvert de Gatineau (B)"]
[Site "Gatineau"]
[Date "2015.03.??"]
[Round "3"]
[White "Ju, Terrence "]
[Black "Bilodeau, Victor "]
[Result "1/2-1/2"]
[BlackElo "1771"]
[WhiteElo "1696"]

1.d4 d5 2.Nf3 Nf6 3.c4 e6 4.Nc3 c6 5.Bg5 h6 6.Bh4 Bb4 7.Bxf6 Qxf6 8.e3 Nd7
9.Bd3 e5 10.cxd5 cxd5 11.dxe5 Bxc3+ 12.bxc3 Nxe5 13.Bb5+ Nc6 14.O-O Be6
15.Nd4 Bd7 16.Rb1 O-O 17.h3 a6 18.Be2 Nxd4 19.cxd4 b5 20.Qb3 Qg5 21.f4 Qg3
22.Rf3 Qg6 23.Kh2 Bf5 24.Rg3 Qe6 25.Rc1 Rfc8 26.Rxc8+ Rxc8 27.Bf3 Be4 28.f5
Bxf5 29.Bxd5 Qd7 30.e4 Be6 31.Bxe6 fxe6 32.Rf3 Rc4 33.Qa3 Rxd4 34.Qxa6 Ra4
35.Qb6 Rxa2 36.Qb8+ Kh7 37.Rf8 Rd2 38.Rh8+ Kg6 39.Qg3+ Kf7 40.Qf4+ Kg6
41.Qg4+ Kf6 42.Qf4+ Kg6 43.Qg4+ Kf7 1/2-1/2

[Event "Tournoi Ouvert de Gatineau (B)"]
[Site "Gatineau"]
[Date "2015.03.??"]
[Round "3"]
[White "Arsenault, Yves "]
[Black "Demchenko, Svitlana "]
[Result "0-1"]
[BlackElo "1760"]
[WhiteElo "1603"]

1.e4 d5 2.exd5 Nf6 3.Nf3 Nxd5 4.d4 c6 5.c4 Nb6 6.Nc3 Bf5 7.Bd3 Bxd3 8.Qxd3 e6
9.O-O Be7 10.Rd1 O-O 11.Ne4 h6 12.b3 N8d7 13.Bb2 Nf6 14.h3 Qc7 15.Nxf6+ Bxf6
16.Qe2 Rfd8 17.Nh2 Qf4 18.g3 Qc7 19.Ng4 Be7 20.Qf3 Nd7 21.Bc1 Bf8 22.Bf4 Qb6
23.Rab1 Qa5 24.Qe2 Qf5 25.Kg2 Nf6 26.Nxf6+ Qxf6 27.Be5 Qg6 28.h4 Bd6 29.Bxd6
Rxd6 30.Rb2 Rad8 31.Rbd2 Qf6 32.Qe3 Qf5 33.a4 Qa5 34.Rd3 a6 35.Kf1 b5 36.Qe5
Qb4 37.axb5 axb5 38.c5 R6d7 39.Qe4 Rd5 40.f4 Ra8 41.g4 Rxc5 42.Qe3 Rd5 43.Rc1
Rc8 44.g5 hxg5 45.hxg5 Qd6 46.Qe4 Rf5 47.Rf3 Qd5 48.Qe3 Rd8 49.Ra1 Qxd4
50.Qxd4 Rxd4 51.Ra8+ Kh7 52.g6+ Kxg6 53.Rg3+ Kf6 54.Rg8 Rfxf4+ 55.Kg2 Rg4
56.Rc8 Rxg3+ 57.Kxg3 Rd3+ 58.Kf4 Rxb3 59.Rxc6 b4 60.Rb6 Rb1 61.Ke4 b3 62.Kd3
g5 0-1

[Event "Tournoi Ouvert de Gatineau (B)"]
[Site "Gatineau"]
[Date "2015.03.??"]
[Round "3"]
[White "Bergeron, Jean-guy "]
[Black "Ju, Lawrence "]
[Result "0-1"]
[BlackElo "1553"]
[WhiteElo "1451"]

1.c4 e5 2.g3 Bc5 3.Nc3 f5 4.Bg2 Nf6 5.Nf3 d6 6.d4 exd4 7.Nxd4 O-O 8.O-O c6
9.Na4 Bxd4 10.Qxd4 Re8 11.Nc3 Be6 12.b3 d5 13.cxd5 cxd5 14.Bg5 Nc6 15.Qd2 d4
16.Bxf6 Qxf6 17.Nb5 Qe5 18.Bxc6 bxc6 19.Nxd4 Rad8 20.Nxc6 Qxg3+ 21.fxg3 Rxd2
22.e3 Bd5 23.Rfc1 Rxe3 24.Nxa7 Rg2+ 25.Kf1 Rxh2 26.Nb5 Rf3+ 27.Ke1 Rxg3
28.Kf1 Rgg2 29.Rc8+ Kf7 30.Nd6+ Kg6 31.Ne4 Bxe4 0-1

[Event "Tournoi Ouvert de Gatineau (B)"]
[Site "Gatineau"]
[Date "2015.03.??"]
[Round "4"]
[White "Danilov, Alex "]
[Black "Lavergne, Daniel "]
[Result "0-1"]
[BlackElo "1735"]
[WhiteElo "1745"]

1.Nf3 Nf6 2.c4 d6 3.g3 e5 4.Nc3 g6 5.Bg2 Bg7 6.O-O O-O 7.d3 c6 8.Qc2 h6 9.b4
Qe7 10.Bb2 Nh5 11.e3 f5 12.Nd2 Na6 13.a3 Bd7 14.Rae1 Qf7 15.b5 Nc5 16.a4 Rae8
17.Ne2 f4 18.exf4 exf4 19.d4 Bf6 20.Qd1 Nd3 21.Ba3 Nxe1 22.Rxe1 Be6 23.Be4 g5
24.Kh1 0-1

[Event "Tournoi Ouvert de Gatineau (B)"]
[Site "Gatineau"]
[Date "2015.03.??"]
[Round "4"]
[White "Van, Eric Dusen "]
[Black "Danis, Jacques "]
[Result "1/2-1/2"]
[BlackElo "1711"]
[WhiteElo "1677"]

1.d4 c5 2.d5 d6 3.e4 g6 4.c4 Bg7 5.Nc3 Nf6 6.Nf3 O-O 7.Bd3 Na6 8.h3 Nc7 9.O-O
Bd7 10.a4 Na6 11.Re1 Nb4 12.Bf1 a5 13.Bg5 Ne8 14.Rc1 f6 15.Bh4 Nc7 16.Bg3 Qe8
17.b3 Qf7 18.Bf4 b6 19.Qd2 Rae8 20.Bh2 Rd8 21.Bf4 Rfe8 22.Bh2 Qf8 23.Bf4 Qf7
1/2-1/2

[Event "Tournoi Ouvert de Gatineau (B)"]
[Site "Gatineau"]
[Date "2015.03.??"]
[Round "4"]
[White "Zumsteg, Nicolas "]
[Black "Kearnan, Dan "]
[Result "1-0"]
[BlackElo "1776"]
[WhiteElo "1726"]

1.e4 Nf6 2.e5 Nd5 3.d4 d6 4.Nf3 dxe5 5.Nxe5 c6 6.c4 Nc7 7.Nc3 g6 8.Be3 Bg7
9.Be2 Nd7 10.f4 Nxe5 11.dxe5 O-O 12.O-O b6 13.Qa4 Bd7 14.Bf3 Qe8 15.Rad1 b5
16.cxb5 cxb5 17.Qa5 Rc8 18.Bb7 Bc6 19.Bxc8 Qxc8 20.Qxa7 b4 21.Bb6 Qg4 22.g3
Qh3 23.Rf2 Ne6 24.Nd5 Qg4 25.Ne3 Qh5 26.Qxe7 g5 27.f5 Bxe5 28.fxe6 Bxg3
29.exf7+ Rxf7 30.Rd8+ Kg7 31.Rxf7+ 1-0

[Event "Tournoi Ouvert de Gatineau (B)"]
[Site "Gatineau"]
[Date "2015.03.??"]
[Round "4"]
[White "Demchenko, Svitlana "]
[Black "Yun, Ling Shi "]
[Result "1-0"]
[BlackElo "1716"]
[WhiteElo "1760"]

1.e4 c5 2.Nf3 Nc6 3.Bb5 d6 4.O-O Nf6 5.Nc3 Bg4 6.Be2 e6 7.h3 Bh5 8.d3 Be7
9.Be3 O-O 10.d4 Qb6 11.dxc5 dxc5 12.Rb1 Rfd8 13.Nd2 Bg6 14.f3 Qc7 15.Qe1 a6
16.Qf2 e5 17.Rfd1 Nd4 18.Rdc1 b5 19.Bg5 Qb7 20.b3 h6 21.Be3 Nh7 22.Nd5 Bg5
23.Bxg5 Nxg5 24.c3 Nxe2+ 25.Qxe2 Ne6 26.Qe3 f6 27.Nf1 Rac8 28.Rb2 Nc7 29.Ne7+
Kh7 30.Nxc8 Rxc8 31.Qxc5 Ne6 32.Qe3 Qc7 33.Rd2 b4 34.c4 Nd4 35.Ng3 a5 36.Ne2
Ne6 37.Rcd1 Be8 38.Rd5 Ra8 39.Rd6 Nc5 40.R6d5 Ne6 41.Ng3 Nd4 42.Nf5 Bf7
43.Rd6 Be6 44.R6xd4 exd4 45.Nxd4 Bd7 46.Qd3 Be8 47.Kh1 Kh8 48.Ne6 Qe7 49.Qd6
Qxd6 50.Rxd6 a4 51.Rb6 axb3 52.axb3 Bf7 53.Nf4 Ra1+ 54.Kh2 Rb1 55.Rxb4 g5
56.Nd5 Kg7 57.Rb7 Kg6 58.Rb6 Bxd5 59.exd5 Kf7 60.b4 Rc1 61.c5 Rd1 62.Rb7+ Ke8
63.d6 Kd8 64.b5 Kc8 65.Rc7+ Kb8 66.b6 Rd5 67.d7 h5 68.c6 Rd6 69.Rc8# 1-0

[Event "Tournoi Ouvert de Gatineau (B)"]
[Site "Gatineau"]
[Date "2015.03.??"]
[Round "4"]
[White "Martin, Spencer "]
[Black "Vlasenko, Konstantin "]
[Result "0-1"]
[BlackElo "1613"]
[WhiteElo "1756"]

1.e4 e6 2.d3 d5 3.Nd2 c5 4.Ngf3 Nc6 5.g3 g6 6.Bg2 Bg7 7.O-O Nge7 8.exd5 exd5
9.d4 cxd4 10.Nb3 Qb6 11.Bf4 O-O 12.Bd6 d3 13.c3 Bf5 14.Nh4 Be6 15.Qxd3 Ne5
16.Bxe5 Bxe5 17.Nf3 Bg7 18.Nfd4 Bd7 19.Rfe1 Rfe8 20.Qd2 a5 21.Nc1 Nc6
22.Rxe8+ Rxe8 23.Nce2 Qc5 24.Nb3 Qc4 25.Bxd5 Qxe2 26.Bxf7+ Kxf7 27.Qxd7+ Re7
28.Qd5+ Ke8 29.Rb1 Rd7 30.Qg8+ Bf8 31.Nc5 Rf7 32.Rf1 Qe5 33.Nd3 Qf6 34.Re1+
Ne7 35.Nf4 Kd7 36.Rxe7+ Qxe7 37.Qh8 Qe1+ 38.Kg2 Qe4+ 39.f3 Qc2+ 40.Kh3 Qf5+
41.Kg2 Qf6 0-1

[Event "Tournoi Ouvert de Gatineau (B)"]
[Site "Gatineau"]
[Date "2015.03.??"]
[Round "4"]
[White "Ju, Terrence "]
[Black "Jobin, Gilles G "]
[Result "1/2-1/2"]
[BlackElo "1843"]
[WhiteElo "1696"]

1.d4 d6 2.Nf3 Nf6 3.c4 Nbd7 4.Nc3 c6 5.Bf4 g6 6.e3 Nh5 7.Bg3 Nxg3 8.hxg3 e5
9.Bd3 f5 10.Nh4 Qf6 11.d5 Nc5 12.e4 Nxd3+ 13.Qxd3 Bg7 14.dxc6 bxc6 15.Rd1 Bf8
16.Qf3 f4 17.gxf4 exf4 18.g3 g5 19.Ng2 Bg7 20.gxf4 gxf4 21.Qxf4 Qxf4 22.Nxf4
Rb8 23.Nh5 Bxc3+ 24.bxc3 Ke7 25.Rg1 Be6 26.Rg7+ Bf7 27.Ng3 Kf6 28.Nf5 Bxc4
29.Rxd6+ Ke5 30.Re7+ Kf4 31.Rxa7 $2 ( 31.Ne3 $18 ) 31...Rb1+ 32.Rd1 Rb2
33.Rd2 ( 33.Rd4 Re2+ 34.Kd1 Rxa2 35.Rxa2 Bxa2 36.Ke2 c5 $10 ) 33...Rb1+
34.Rd1 Rb2 35.Rd2 Rb1+ 1/2-1/2

[Event "Tournoi Ouvert de Gatineau (B)"]
[Site "Gatineau"]
[Date "2015.03.??"]
[Round "4"]
[White "Ju, Lawrence "]
[Black "Villeneuve, Luc "]
[Result "1/2-1/2"]
[BlackElo "1804"]
[WhiteElo "1553"]

1.d4 g6 2.c4 Bg7 3.Nc3 d6 4.Nf3 Bg4 5.h3 Bxf3 6.exf3 Nc6 7.Be3 e5 8.d5 Nce7
9.c5 a6 10.Qa4+ Kf8 11.cxd6 cxd6 12.Qb4 Qd7 13.Bc4 f5 14.Bb6 Nc8 15.Na4 Nge7
16.Rc1 Bh6 17.Rc2 Kg7 18.Qb3 Bg5 19.Bd3 Bf6 20.Rc7 Qd8 21.Rxb7 Nxb6 22.Nxb6
Rb8 23.Rxb8 Qxb8 24.Bxa6 Qc7 25.Nc4 Rb8 26.Bb5 Nxd5 27.O-O Nf4 28.Re1
1/2-1/2

[Event "Tournoi Ouvert de Gatineau (B)"]
[Site "Gatineau"]
[Date "2015.03.??"]
[Round "4"]
[White "Bilodeau, Victor "]
[Black "Seguin, Hubert "]
[Result "1-0"]
[BlackElo "1648"]
[WhiteElo "1771"]

1.d4 d5 2.Nf3 Nf6 3.e3 Bf5 4.c4 c6 5.Nc3 e6 6.c5 Be7 7.Be2 O-O 8.Ne5 Nbd7
9.f4 Nxe5 10.fxe5 Nd7 11.Bd2 f6 12.exf6 Bxf6 13.Bg4 Qe7 14.Rf1 Bg6 15.Qb3 Bd3
16.Rf2 Bh4 17.g3 Rxf2 18.Kxf2 Rf8+ 19.Kg2 Qf6 20.Qd1 Qf2+ 21.Kh1 Bf1 22.Qxf1
Qxf1+ 23.Rxf1 Rxf1+ 24.Kg2 Rf6 25.gxh4 Rg6 26.Kf3 Kf7 27.Bh5 Nf6 28.Bxg6+
Kxg6 29.Be1 Kf5 30.Bg3 g6 31.b4 Nd7 32.e4+ Kf6 33.Kf4 h6 34.e5+ Kf7 35.a4 Nb8
36.b5 Kg7 37.Ke3 Kf7 38.Bf4 h5 39.Bg5 Nd7 40.Kf4 Nb8 41.Bf6 Nd7 42.Kg5 Nb8
43.a5 a6 44.b6 Nd7 45.Ne2 Nf8 46.Kh6 Nd7 47.Bd8 Nf8 48.Nf4 Ke8 49.Bf6 Kf7
50.Bg7 1-0

[Event "Tournoi Ouvert de Gatineau (B)"]
[Site "Gatineau"]
[Date "2015.03.??"]
[Round "4"]
[White "Senechal, Sylvain "]
[Black "Perkins, Simon "]
[Result "1-0"]
[BlackElo "1677"]
[WhiteElo "1837"]

1.e4 d5 2.exd5 Qxd5 3.Nc3 Qd6 4.Nf3 Nf6 5.d3 c6 6.h3 Bf5 7.Be3 e6 8.Qd2 Qd8
9.g4 Bg6 10.Ne5 Bb4 11.h4 h6 12.Nxg6 fxg6 13.Be2 Nd5 14.Bd4 Rg8 15.a3 Qa5
16.O-O Bxc3 17.Bxc3 Qd8 18.g5 hxg5 19.Qxg5 Qxg5+ 20.hxg5 Nxc3 21.bxc3 Nd7
22.Bg4 O-O-O 23.Bxe6 Rgf8 24.f4 Kc7 25.Kg2 Rde8 26.Bxd7 Kxd7 27.Kf3 Rf5
28.Rae1 Ref8 29.Kg4 Ra5 30.Ra1 Ra4 31.c4 Kd6 32.Rfe1 b5 33.Re4 bxc4 34.Rxc4
Rxc4 35.dxc4 Kc5 36.Rd1 Rf7 37.Re1 Kxc4 38.Re6 Rc7 39.Rxg6 Kc3 40.Re6 Kxc2
41.f5 c5 42.f6 gxf6 43.gxf6 c4 44.Re7 Rc8 45.f7 Rf8 46.Kg5 c3 47.Kf6 Kb2
48.Rxa7 Rc8 49.Rc7 Ra8 50.Kg7 1-0

[Event "Tournoi Ouvert de Gatineau (B)"]
[Site "Gatineau"]
[Date "2015.03.??"]
[Round "4"]
[White "Morel, Joseph "]
[Black "Arsenault, Yves "]
[Result "1-0"]
[BlackElo "1603"]
[WhiteElo "1780"]

1.d4 Nf6 2.c4 e6 3.Nf3 d5 4.cxd5 exd5 5.Bg5 Be7 6.e3 Bg4 7.Nbd2 O-O 8.Bd3 Nc6
9.Rc1 Rc8 10.O-O Qe8 11.Bxf6 Bxf6 12.Qb3 Rb8 13.Qxd5 Be6 14.Qe4 g6 15.d5 Bxd5
16.Qxd5 Bxb2 17.Rb1 Ba3 18.Bb5 Rd8 19.Bxc6 bxc6 20.Qc4 a5 21.Ne4 Be7 22.Rfd1
Rxd1+ 23.Rxd1 Kg7 24.Qc3+ f6 25.Neg5 Bd6 26.Nh3 Kg8 27.Nf4 g5 28.Qc4+ Kh8
29.Ne6 Rg8 30.g4 Qf7 31.Nfd4 Re8 32.Rc1 c5 33.Nxc5 Qg6 34.Nf5 Re5 35.Nd7 Re8
36.Nxd6 cxd6 37.Qd4 Re6 38.Nf8 1-0

[Event "Tournoi Ouvert de Gatineau (B)"]
[Site "Gatineau"]
[Date "2015.03.??"]
[Round "4"]
[White "Langer, Herb "]
[Black "Raymond, Daniel "]
[Result "0-1"]
[BlackElo "1757"]
[WhiteElo "1730"]

1.c4 c5 2.g3 g6 3.Bg2 Bg7 4.Nc3 Nf6 5.d3 Nc6 6.Nf3 O-O 7.O-O d5 8.cxd5 Nxd5
9.a3 Nxc3 10.bxc3 Qa5 11.Ra2 Bxc3 12.Nd2 f5 13.Nc4 Qc7 14.Bf4 Qd7 15.Qc1 Bg7
16.Ne3 Nd4 17.Re1 e5 18.Bg5 Ne6 19.Qc4 Kh8 20.Bh4 g5 21.Bd5 gxh4 0-1

[Event "Tournoi Ouvert de Gatineau (B)"]
[Site "Gatineau"]
[Date "2015.03.??"]
[Round "4"]
[White "Sabourin, Sebastien "]
[Black "Montreuil, Carl "]
[Result "1-0"]
[BlackElo "1764"]
[WhiteElo "1353"]

1.e4 Nf6 2.Nc3 d6 3.d4 Bg4 4.f3 Bh5 5.g4 Bg6 6.h4 h6 7.Be3 e6 8.Qd2 Be7
9.O-O-O Nfd7 10.h5 Bh7 11.Nh3 Nc6 12.Bc4 a6 13.Rdg1 b5 14.Bb3 b4 15.Nb1 Na5
16.Qxb4 c5 17.dxc5 Nxb3+ 18.axb3 d5 19.exd5 O-O 20.d6 Rb8 21.dxe7 Qxe7 22.Qc3
Rfc8 23.Na3 Nb6 24.g5 Nd5 25.Qd2 g6 26.gxh6 Nxe3 27.Qxe3 Rxc5 28.hxg6 Bxg6
29.Nf4 Kh7 30.Nxg6 fxg6 31.Qd3 Rg5 32.Rxg5 Qxg5+ 33.Kb1 Rd8 34.Qxa6 Qe7
35.Qc4 e5 36.Qe4 Rd4 37.Qe3 Qd7 38.Qxe5 Rd1+ 39.Rxd1 Qxd1+ 40.Ka2 Kxh6 41.f4
Qd2 42.c4 Qd8 43.c5 Qc8 44.c6 1-0

[Event "Tournoi Ouvert de Gatineau (B)"]
[Site "Gatineau"]
[Date "2015.03.??"]
[Round "4"]
[White "Legault, Stephane "]
[Black "Bergeron, Jean-guy "]
[Result "0-1"]
[BlackElo "1452"]
[WhiteElo "1686"]

1.e4 Nc6 2.Nf3 d5 3.exd5 Qxd5 4.d4 Bg4 5.Be3 Bxf3 6.gxf3 O-O-O 7.Bh3+ Kb8
8.Nc3 Qh5 9.Bg4 Qg6 10.f4 Nf6 11.Bf3 Nb4 12.Rc1 e6 13.Qe2 Qf5 14.a3 Nbd5
15.Nxd5 exd5 16.Qb5 c6 17.Qa5 Bd6 18.c4 Bxf4 19.Rc3 Bc7 20.Qa4 Qxf3 21.Rg1
Qe4 22.Rxg7 Qb1+ 23.Rc1 Qxb2 24.Rc2 Ba5+ 25.Ke2 Qb6 26.Rxf7 Ne4 27.Bf4+ Nd6
28.c5 Qa6+ 29.Rc4 Rde8+ 30.Kf3 Ka8 31.cxd6 dxc4 32.Rf5 Bd8 33.Qxa6 bxa6
34.Rc5 Kb7 35.Rxc4 Rhf8 36.d7 Re7 37.Rb4+ Bb6 38.d8=Q Rxd8 39.Be3 Rd5 40.a4
a5 41.Rb1 Rf7+ 42.Ke2 Kc7 43.Kd3 Rf3 44.Ke4 Rh3 45.Bf4+ Kd7 46.Rd1 Rh4 47.Kf3
Rxf4+ 48.Kxf4 Rxd4+ 49.Rxd4+ Bxd4 50.f3 Bg7 0-1

[Event "Tournoi Ouvert de Gatineau (B)"]
[Site "Gatineau"]
[Date "2015.03.??"]
[Round "5"]
[White "Vlasenko, Konstantin"]
[Black "Bilodeau Victor"]
[Result "1-0"]
[BlackElo "1771"]
[WhiteElo "1613"]

1.e4 e5 2.Nf3 Nf6 3.Nxe5 d6 4.Nxf7 Kxf7 5.d4 Bg4 6.f3 Nxe4 7.Qd3 Qh4+ 8.g3
Nxg3 9.hxg3 Qxh1 10.fxg4 Qc6 11.Qf5+ Ke7 12.Bg5+ Ke8 13.Qe6+ 1-0

[Event "Tournoi Ouvert de Gatineau (B)"]
[Site "Gatineau"]
[Date "2015.03.??"]
[Round "5"]
[White "Yun, Ling Shi "]
[Black "Morel, Joseph "]
[Result "1-0"]
[BlackElo "1780"]
[WhiteElo "1716"]

1.e4 c5 2.Nf3 g6 3.d4 cxd4 4.Nxd4 Bg7 5.c3 Nc6 6.Be3 Nf6 7.Nd2 O-O 8.Be2 d6
9.O-O Bd7 10.f3 Rc8 11.Qe1 a6 12.Kh1 b5 13.a3 Ne5 14.Qh4 Nc4 15.Nxc4 bxc4
16.Nc2 Ba4 17.Bd1 Bxc2 18.Bxc2 Rb8 19.Rab1 Rb5 20.a4 Rh5 21.Qf2 Bh6 22.Bb6
Qd7 23.g4 Nxg4 24.fxg4 Qxg4 25.Bd1 Qxe4+ 26.Bf3 Qf5 27.Bxh5 Qxh5 28.Rbe1 e6
29.Rd1 d5 30.Bc5 f5 31.Bxf8 Bxf8 32.Rde1 Kf7 33.Qe3 1-0

[Event "Tournoi Ouvert de Gatineau (B)"]
[Site "Gatineau"]
[Date "2015.03.??"]
[Round "5"]
[White "Raymond, Daniel "]
[Black "Senechal, Sylvain "]
[Result "1-0"]
[BlackElo "1837"]
[WhiteElo "1757"]

1.e4 e5 2.Nf3 Nc6 3.Bb5 a6 4.Ba4 Nf6 5.O-O b5 6.Bb3 Bc5 7.c3 h6 8.d4 Bd6
9.dxe5 Bxe5 10.Nxe5 Nxe5 11.f4 Nc4 12.e5 Nh7 13.Qf3 Rb8 14.Nd2 Bb7 15.Qe2
Nxd2 16.Bxd2 O-O 17.Qg4 d5 18.f5 Kh8 19.Bc2 Rg8 20.Qd4 Ng5 21.f6 gxf6 22.Qh4
Kg7 23.exf6+ Kf8 24.Qxh6+ Ke8 25.Bxg5 d4 26.Bf5 Qd5 27.Rae1+ Kd8 28.Rf2 c5
29.h4 Kc7 30.Bf4+ Kb6 31.Be4 Qe6 32.Bxb7 Qxe1+ 33.Rf1 Qe2 34.Bf3 Qxb2 35.Bxb8
Rxb8 36.Qf4 Rd8 37.cxd4 Rxd4 38.Qb8+ Ka5 39.Qc7+ Kb4 40.Qxf7 Rxh4 41.Qb3+
Qxb3 42.axb3 Rh8 43.Bd5 c4 44.bxc4 bxc4 45.f7 Rf8 46.Rc1 c3 47.g4 Kc5 48.Ba2
Kd4 49.g5 1-0

[Event "Tournoi Ouvert de Gatineau (B)"]
[Site "Gatineau"]
[Date "2015.03.??"]
[Round "5"]
[White "Jobin, Gilles G "]
[Black "Martin, Spencer "]
[Result "1/2-1/2"]
[BlackElo "1756"]
[WhiteElo "1843"]

1.d3 d5 2.Nf3 Nf6 3.g3 Nbd7 4.Bg2 e5 5.Nbd2 Be7 6.O-O O-O 7.e4 Re8 8.Qe2 dxe4
9.dxe4 c6 10.Rd1 Qc7 11.c3 a5 12.h3 Bc5 13.Nb3 Bb6 14.Be3 a4 15.Nbd2 Bxe3
16.Qxe3 Qb6 17.Qxb6 Nxb6 18.a3 Bd7 19.Ne1 Nh5 20.Bf3 Nf6 21.Kg2 Be6 22.Nd3
Nfd7 23.Bg4 Bxg4 24.hxg4 Rad8 25.Ne1 Nc5 26.Kf3 Nd3 27.Nxd3 Rxd3+ 28.Ke2 Red8
29.Nf3 Rxd1 30.Rxd1 Rxd1 31.Kxd1 Nc4 32.Kc2 f6 33.g5 1/2-1/2

[Event "Tournoi Ouvert de Gatineau (B)"]
[Site "Gatineau"]
[Date "2015.03.??"]
[Round "5"]
[White "Van, Eric Dusen "]
[Black "Zumsteg, Nicolas "]
[Result "0-1"]
[BlackElo "1726"]
[WhiteElo "1677"]

1.d4 Nf6 2.Nf3 g6 3.Nc3 d5 4.Bf4 c6 5.e3 Nh5 6.Bg5 f6 7.Bh4 Bh6 8.Be2 Ng7
9.Bg3 O-O 10.Nd2 Nd7 11.Bd3 e5 12.dxe5 fxe5 13.e4 d4 14.Ne2 Qa5 15.O-O Qxd2
16.Qb1 Qa5 17.b4 Qc7 18.Nxd4 Bf4 19.Bc4+ Kh8 20.Ne6 Nxe6 21.Bxe6 Bxg3 22.hxg3
Nf6 23.Bxc8 Raxc8 24.f3 c5 25.b5 Rcd8 26.Qe1 Rd6 27.f4 Rd4 28.fxe5 Qxe5
29.Rf3 Rxe4 30.Qa5 Qxa1+ 0-1

[Event "Tournoi Ouvert de Gatineau (B)"]
[Site "Gatineau"]
[Date "2015.03.??"]
[Round "5"]
[White "Danis, Jacques "]
[Black "Danilov, Alex "]
[Result "1/2-1/2"]
[BlackElo "1745"]
[WhiteElo "1711"]

1.d4 Nf6 2.Bg5 e6 3.e4 h6 4.Bh4 g5 5.e5 gxh4 6.exf6 Qxf6 7.Nf3 b6 8.Bd3 Bb7
9.Nbd2 Rg8 10.g3 hxg3 11.hxg3 Nc6 12.c3 O-O-O 13.Qe2 d6 14.O-O-O Bg7 15.Ne4
Qe7 16.Rhe1 Kb8 17.Ned2 Qf8 18.Be4 Bf6 19.d5 exd5 20.Bxd5 Re8 21.Qd3 Qg7
22.Ne4 Bg5+ 23.Nexg5 hxg5 24.Bxc6 Bxc6 25.Nd4 Bb7 26.Re3 Rxe3 27.Qxe3 Qe5
28.Re1 Re8 29.Kd2 Qxe3+ 30.Rxe3 Rxe3 31.Kxe3 Kc8 32.f4 gxf4+ 33.gxf4 Kd7
34.b3 c5 35.Ne2 a5 36.a3 Ke6 37.Ng3 b5 38.b4 axb4 39.axb4 Kd5 40.Kd3 Ke6
41.Ke3 Kf6 42.Kd3 Bd5 43.Ke3 Ke6 44.Kd3 Bg2 45.Ke3 Kd5 46.Kd3 Bh3 47.bxc5
dxc5 48.Kd2 Bg4 49.Kd3 f6 50.Kd2 b4 51.cxb4 cxb4 52.Kd3 Bf3 53.Nf1 Be4+
54.Kd2 Kc4 55.Ne3+ Kb3 56.Kc1 Ka2 57.Nc4 Bd3 58.Nb2 Be2 59.Na4 Kb3 60.Nb2 Kc3
61.Na4+ Kd4 62.Kd2 Bc4 63.Nb2 Bb5 64.Kc2 Bc4 65.Nxc4 Kxc4 66.f5 Kd4 67.Kb3
Ke4 68.Kxb4 Kxf5 69.Kc3 Kf4 70.Kd2 Kf3 71.Ke1 Kg2 72.Ke2 f5 73.Ke3 Kg3 74.Ke2
f4 75.Kf1 f3 76.Kg1 1/2-1/2

[Event "Tournoi Ouvert de Gatineau (B)"]
[Site "Gatineau"]
[Date "2015.03.??"]
[Round "5"]
[White "Ju, Lawrence "]
[Black "Kearnan, Dan "]
[Result "0-1"]
[BlackElo "1776"]
[WhiteElo "1553"]

1.d4 Nf6 2.c4 c5 3.e3 e6 4.Nc3 b6 5.Nf3 Bb7 6.b3 Be7 7.Bb2 O-O 8.Bd3 d5 9.O-O
Nbd7 10.Rc1 Ne4 11.Bxe4 dxe4 12.Nd2 f5 13.d5 Ne5 14.Rc2 Nd3 15.Ba1 exd5
16.cxd5 Bxd5 17.Nxd5 Qxd5 18.f3 Qe6 19.fxe4 fxe4 20.Rc4 Rxf1+ 21.Qxf1 Rf8
22.Qb1 Qf5 23.Nxe4 b5 24.Qxd3 bxc4 25.Qxc4+ Kh8 26.Bc3 Rd8 27.Nd2 Bg5 28.Qe2
Rd3 29.e4 Qd7 30.Qf1 Kg8 31.Nb1 Be3+ 32.Kh1 Rd1 33.Be1 Rxb1 0-1

[Event "Tournoi Ouvert de Gatineau (B)"]
[Site "Gatineau"]
[Date "2015.03.??"]
[Round "5"]
[White "Seguin, Hubert "]
[Black "Langer, Herb "]
[Result "1/2-1/2"]
[BlackElo "1730"]
[WhiteElo "1648"]

1.e4 e5 2.Nf3 d6 3.d4 exd4 4.Nxd4 Nf6 5.Nc3 Be7 6.Be2 O-O 7.O-O Bd7 8.Be3 Nc6
9.f4 Nxd4 10.Bxd4 Bc6 11.Bf3 d5 12.e5 Ne4 13.Qe2 Nxc3 14.bxc3 Qd7 15.Rab1 b6
16.Rfe1 Qe6 17.Bg4 f5 18.exf6 Qxe2 19.Rxe2 Bxf6 20.g3 Rae8 21.Rbe1 Rxe2
22.Rxe2 Bxd4+ 23.cxd4 Re8 24.Re5 Rxe5 25.fxe5 Ba4 26.c3 Kf7 27.Kf2 Bc2 28.Ke3
Bb1 29.a3 Ke7 30.Be2 h6 31.c4 Be4 32.Bd3 Bxd3 33.Kxd3 c6 34.cxd5 cxd5 35.Kc3
a6 36.Kb4 Ke6 37.a4 Kd7 38.a5 b5
{ Les joueurs s'entendirent sur la nulle mais... } ( 38...b5 39.Kc5 $18 Ke6
40.g4 g6 41.h4 Ke7 42.Kxd5 b4 43.Kc4 ) 1/2-1/2

[Event "Tournoi Ouvert de Gatineau (B)"]
[Site "Gatineau"]
[Date "2015.03.??"]
[Round "5"]
[White "Lavergne, Daniel "]
[Black "Demchenko, Svitlana "]
[Result "1-0"]
[BlackElo "1760"]
[WhiteElo "1735"]

1.e4 c6 2.d4 d5 3.f3 dxe4 4.fxe4 e6 5.Nf3 Nf6 6.Bd3 Nbd7 7.O-O h6 8.c4 Nb6
9.e5 Nfd7 10.Nc3 Be7 11.Qe2 Nf8 12.Bf4 Bd7 13.Rad1 Bg5 14.Bxg5 hxg5 15.Ne4 f6
16.Nd6+ Ke7 17.Nxg5 Be8 18.exf6+ gxf6 19.Nge4 f5 20.Nxf5+ Kd7 21.Nc5+ Kc7
22.Qe5+ Kc8 23.Qxh8 1-0

[Event "Tournoi Ouvert de Gatineau (B)"]
[Site "Gatineau"]
[Date "2015.03.??"]
[Round "5"]
[White "Fourouzandeh, Ehsan"]
[Black "Perkins, Simon "]
[Result "1/2-1/2"]
[BlackElo "1677"]
[WhiteElo "1683"]

1.e4 d5 2.exd5 Qxd5 3.Nc3 Qd6 4.d4 Nf6 5.Nf3 c6 6.Be2 Bg4 7.O-O Nbd7 8.h3 Bh5
9.Qd3 e6 10.Be3 Be7 11.a3 O-O 12.Qd2 Qc7 13.Bf4 Bd6 14.Bxd6 Qxd6 15.Rad1 Rfd8
16.Rfe1 Qc7 17.Qg5 Bxf3 18.Bxf3 h6 19.Qe3 Nb6 20.Be2 Nbd5 21.Nxd5 exd5 22.Bd3
Re8 23.Qd2 Qd7 24.Re5 Re7 25.Rde1 Rae8 26.c3 Kf8 27.Qe2 Qd6 28.f4 Nd7 29.Rxe7
Rxe7 30.Qxe7+ Qxe7 31.Rxe7 Kxe7 32.Kf2 1/2-1/2

[Event "Tournoi Ouvert de Gatineau (B)"]
[Site "Gatineau"]
[Date "2015.03.19"]
[Round "5"]
[White "Villeneuve, Luc "]
[Black "Ju, Terrence "]
[Result "1-0"]
[BlackElo "1696"]
[WhiteElo "1804"]

1.Nf3 d5 2.b3 Nf6 3.Bb2 c5 4.g3 Bf5 5.Bg2 Nc6 6.d4 e6 7.O-O Bd6 8.a3 O-O
9.dxc5 Bxc5 10.b4 Bd6 11.Nbd2 Rc8 12.h3 Qc7 13.Nh4 Bxh3 14.Bxh3 Bxg3 15.Nhf3
Nh5 16.e3 Bd6 17.Rc1 Ne7 18.c4 Qb8 19.c5 Bc7 20.Bg4 Nf6 21.Bh3 Nf5 22.Bxf5
exf5 23.Bxf6 gxf6 24.Kh1 Kh8 25.Rg1 f4 26.Qc2 fxe3 27.Qf5 Be5 28.fxe3 Rg8
29.Rxg8+ Rxg8 30.Rg1 Rxg1+ 31.Kxg1 Bc3 32.Kg2 Qg8+ 33.Kf2 Qd8 34.Nb3 Bb2
35.a4 Bc3 36.b5 b6 37.c6 Qd6 38.Nbd4 Bxd4 39.exd4 Kg7 40.Qg4+ Kf8 41.Qc8+ Ke7
42.Qb7+ Ke6 43.c7 1-0

[Event "Tournoi Ouvert de Gatineau (B)"]
[Site "Gatineau"]
[Date "2015.03.??"]
[Round "5"]
[White "Montreuil, Carl "]
[Black "Legault, Stephane "]
[Result "1-0"]
[BlackElo "1686"]
[WhiteElo "1764"]

1.e4 e5 2.Nf3 Nc6 3.Bb5 d6 4.d4 exd4 5.Nxd4 Bd7 6.Bxc6 bxc6 7.O-O Be7 8.Nc3
Nh6 9.Bxh6 gxh6 10.Qh5 Rg8 11.g3 Bg4 12.Qa5 Qd7 13.e5 d5 14.Rfe1 h5 15.Nce2
h4 16.Nf4 Be6 17.Nh5 hxg3 18.Nf6+ Bxf6 19.exf6 gxh2+ 20.Kh1 Rg6 21.Nxe6 fxe6
22.Rxe6+ Kd8 23.Re7 Rg1+ 24.Kxh2 Qd6+ 25.Kxg1 Qf4 26.Rae1 Qg4+ 27.Kf1 Qh3+
28.Ke2 Qg4+ 29.Kd2 Qf4+ 30.Kd1 Rc8 31.f7 Qg4+ 32.Kc1 Qg5+ 33.Kb1 Qxe7 34.Rxe7
Kxe7 35.Qc5+ Kxf7 36.Qxc6 Re8 37.Qxd5+ Re6 38.a4 h6 39.f4 Kf6 40.Qd8+ Re7
41.Qf8+ 1-0